Tilastot visalle Valtiot, joissa on eniten ilmastovyöhykkeitä

Klikkaa tästä pelataksesi tätä visaa!

Yleistilastot

  • Tätä visaa on pelattu 825 kertaa
  • Keskiarvotulos 14 / 19

Vastaustilastot

#Valtio% Oikein
18Kiina
98%
26Yhdysvallat
98%
16Venäjä
97%
12Brasilia
95%
12Kanada
95%
15Australia
89%
17Intia
87%
13Argentiina
85%
11Meksiko
85%
10Peru
66%
12Espanja
63%
13Italia
61%
11Kolumbia
60%
10Etelä-Afrikka
56%
13Turkki
55%
10Bolivia
54%
11Venezuela
53%
12Pakistan
45%
10Ecuador
39%

Tulosjakauma

Persentiili vastausten määrän mukaan

Jokaisen tuloksen saaneiden osuus

Tuloshistoriasi

Et ole pelannut tätä visaa